00839nam a2200205Ia 4500952014300000952014300143999001700286003000400303005001700307008004100324020001800365040000900383082002200392100002900414245006600443250001200509260005300521300000900574942005000583 00102ddc40708STATISTICSaMESbMEScSTAd2019-02-20g425.00l0o519.202462 JOH/Pp36427r2019-02-20 00:00:00t1w2019-02-20yBKzGL21R1 00102ddc40708STATISTICSaMESbMEScSTAd2019-02-20g425.00l0o519.202462 JOH/Pp36428r2019-02-20 00:00:00t2w2019-02-20yBKzGL21R1 c11200d11200OSt20191226111945.0190216s9999||||xx |||||||||||||| ||und|| a9788120342132 coclc a519.202462bJOH/P aJohnson, Richard A 9763 0aProbability And Statistics For Engineers /cRichard A Johnson a8th ed. bPHI Learning Private Limited,c2011.aNew Delhi: a544p cBK2ddch519.202462iJOH/Pk519.202462mJOH/P